000 00727nam a2200229Ia 4500
003 OSt
005 20200812121232.0
008 191128s1973 sp er 000 p spa d
020 _a8402033466
040 _aCO-JMCR
_cCO-JMCR
041 _aspa
082 _aP /
_bBECr
100 1 _aBécquer, Gustavo Adolfo,
_d1836-1870
_eautor
_96285
245 1 0 _aRimas y leyendas /
_cGustavo Adolfo Bécquer
250 _aPrimera edición
260 _aBarcelona :
_bBruguera,
_c1973
300 _a420 páginas ;
_c19 cm.
490 0 _aObras inmortales
505 _aBiografía -- La poesía -- La prosa -- Textos -- Rimas -- Poesías atribuidas -- Primeras poesías -- Leyendas
650 1 4 _aPoesía española
_9381
942 _2ddc
_cBK
999 _c3601
_d3601